| 000 | 00614nam a2200205 i 4500 | ||
|---|---|---|---|
| 001 | 89397 | ||
| 003 | ES-MaACL | ||
| 005 | 20230906180149.0 | ||
| 007 | t| | ||
| 008 | 050110s1972 sp ||||1| spa d | ||
| 100 | 1 |
_aLapierre, Dominique. _970157 |
|
| 245 | 1 | 0 |
_aOh Jerusalén / _cDominique Lapierre, Larry Collins ; [traducción de Juan Moreno]. |
| 250 | _a[1ª ed.]. | ||
| 260 |
_aBarcelona : _bPlaza Janés, _c[1972] |
||
| 300 |
_a588 p., 12 lám. : _bil. ; _c22 cm. |
||
| 700 | 1 |
_aCollins, Larry. _939735 |
|
| 700 | 1 |
_aMoreno, Juan. _9182367 |
|
| 852 |
_aES-MaACL _jC-42993 _bR.81273 |
||
| 999 |
_c89397 _d89397 |
||